000 00827nam a2200241 a 4500
005 20020626165708.0
008 000825s2001 nyu | b 00| 0 eng
010 _aENG-91580
020 _a9788124114209
_c295.00
035 _aEN-75113
037 _bDBAD / PUB
040 _adpl
_bEnglish
082 _aN
100 _aJena, Vandana Kumari
245 _aThe dance of death:
_cby Vandana Kumari Jena
_ba novel /
260 _aNew Delhi
_bHar-Anand Publications
_c2008
270 _aE-49/3, Okhla Industrial Area, Phase-II,
_bNew Delhi
_e110020
300 _a183p.
_c22 cm (pbk)
650 _aEnglish fiction
942 _2ddc
_cEN
_mJEN
_hN
999 _c18180
_d18180